00381nam a2200157Ia 45000010006000000050017000060080041000230410008000640820017000721000031000892450050001202600009001703000028001796500008002076540008002151802720260306171600.0260306s9999||||xx |||||||||||||| ||und|| aESP a658.315bP95 aPulido Cavero, CarloseAUT 0aClima organizacional:bUna medida del éxito c2003 a186 páginas :c20 cm. aGEN aCAN